Geography Quiz

Random Geography or City Quiz

Gimme Five: North American Cities Quiz Stats

 Plays Quiz Updated Jul 2, 2018

Challenge
Share
Tweet
Embed
Score 0/26 Timer 04:00
16 Plays Today
Five Words City % Correct
Tammany, Liberty, Boroughs, Stocks, AppleNew York
96.7%
Starbucks, Needle, Benaroya, Puget, RainSeattle
91.6%
Tea, Massacre, Revere, Faneuil, HancockBoston
90.3%
O'Leary, Obama, Sears, Joffrey, WindyChicago
89.3%
Pride, Earthquake, Fire, Alcatraz, CandlestickSan Francisco
87.9%
Motor, Hoffa, Comerica, Ford, MotownDetroit
87.6%
Jazz, Easy, Pontchartrain, Creole, KatrinaNew Orleans
87.4%
Coors, Rockies, Mile, High, ElwayDenver
83.6%
Vice, Hurricanes, Barry, South, BeachMiami
82.3%
Ford's, Treasury, Georgetown, Smithsonian, PostWashington
81.1%
Bell, Franklin, Schuylkill, Independence, BarnesPhiladelphia
78.8%
Eads, Busch, Apotheosis, Climatron, GatewaySt. Louis
77.1%
Wings, Erie, Niagara, Snow, CanisiusBuffalo
73.4%
Five Words City % Correct
Brigham, Olympic, Tabernacle, Sundance, SnowbirdSalt Lake City
70.7%
PuroSlam, Lackland, Alamo, Valero, HemisFairSan Antonio
70.3%
Delta, Turner, Sherman, King, Coca-ColaAtlanta
70.3%
Rock, Roll, Cuyahoga, Terminal, CareyCleveland
66.3%
Stanley, Burrard, Canucks, Malkin, MacMillanVancouver
64.7%
Reforma, Ayuntamiento, Xochimilco, Tlatelolco, ChapultepecMexico City
60.7%
Argonauts, Humber, CN, Dundas, MasseyToronto
50.7%
Algonquian, Miller, Calatrava, Pabst, FonzarelliMilwaukee
48.4%
Manley, Palisadoes, Liguanea, Reggae, BoltKingston
48.2%
Joute, Lawrence, Bonsecours, Molson, MaroonsMontreal
45.7%
Almendares, Presidente, RevoluciĆ³n, Miramar, HabanosHavana
43%
Suncor, Elbow, Glenbow, Saddledome, StampedeCalgary
35.5%
Thurber, Hanna, Scioto, Wendy's, WoodyColumbus
19.5%

You're not logged in!

Compare scores with friends on all Sporcle quizzes.
Join for Free
OR
Log In

You Might Also Like...

Show Comments

Extras

Top Quizzes Today


Score Distribution

Your Account Isn't Verified!

In order to create a playlist on Sporcle, you need to verify the email address you used during registration. Go to your Sporcle Settings to finish the process.

Report this User

Report this user for behavior that violates our Community Guidelines.

Details: